000 00305nam a22001337a 4500
008 190225b xxu||||| |||| 00| 0 eng d
020 _a3637563075007
041 _aeng
080 _a616-053.2
100 _a8
101 _aPED
245 _aChildren's Medicine & Surgery
_cCockburn, F
942 _2udc
_cBK
999 _c54237
_d54237